Joueurs de football les plus capés du top 30 FIFA - Statistiques

Statistiques générales
  • Ce quiz a été pris 100 fois
    17 depuis la dernière actualisation
  • Le résultat moyen est 8 sur 30
Statistiques - réponses
Pays Nombre de sélections Réponse % Correct
Argentine 198 Lionel Messi
100%
Portugal 226 Cristiano Ronaldo
80%
France 145 Hugo Lloris
80%
Espagne 180 Sergio Ramos
73%
Croatie 196 Luka Modrić
67%
Italie 176 Gianluigi Buffon
53%
Corée du Sud 143 Son Heung-Min
53%
Uruguay 161 Diego Godín
47%
Brésil 143 Cafu
27%
Belgique 157 Jan Vertonghen
27%
Autriche 132 Marko Arnautović
27%
Danemark 149 Christian Eriksen
20%
Suisse 144 Granit Xhaka
20%
Allemagne 150 Lothar Matthäus
20%
Colombie 130 David Ospina
13%
Sénégal 130 Idrissa Gueye
13%
Pays-Bas 134 Wesley Sneijder
13%
Égypte 184 Ahmed Hassan
7%
Nigéria 111 Ahmed Musa
7%
Algérie 116 Aïssa Mandi
7%
Mexique 182 Andrès Guardado
7%
Canada 104 Atiba Hutchinson
7%
États-Unis 164 Cobi Jones
7%
Équateur 168 Iván Hurtado
7%
Iran 160 Javad Nekounam
7%
Australie 109 Mark Schwarzer
7%
Maroc 115 Noureddine Naybet
7%
Angleterre 125 Peter Shilton
7%
Turquie 120 Rüştü Reçber
7%
Japon 152 Yasuhito Endō
7%
Aucun quiz correspondant
Distribution des résultats
% des personnes avec chaque résultat
Percentile par nombre de réponses
Votre historique - résultats
Vous n’avez pas pris ce quiz depuis la dernière actualisation